[Event "Bar op"]
[Site "Bar"]
[Date "2007.04.01"]
[Round "3"]
[White "Lajthajm, Borko"]
[Black "Vukanovic, Sasa"]
[Result "1/2-1/2"]
[WhiteElo "2515"]
[BlackElo "2334"]
[PlyCount "43"]
[EventDate "2007.03.30"]
[EventType "swiss"]
[EventRounds "9"]
[EventCountry "YUG"]
[SourceTitle "CBM 117 Extra"]
[Source "ChessBase"]
[SourceDate "2007.05.09"]
[SourceVersion "1"]
[SourceVersionDate "2007.05.09"]
[SourceQuality "1"]

1. c4 Nf6 2. Nc3 d5 3. cxd5 Nxd5 4. Nf3 g6 5. e4 Nxc3 6. bxc3 Bg7 7. Bc4 0-0 8. 0-0 c5 9. e5 Nc6 10. d4 cxd4 11. cxd4 Bg4 12. Be3 Rc8 13. Be2 Qd7 14. h3 Be6 15. Ng5 Bd5 16. Bg4 e6 17. Qb1 Rfd8 18. Rd1 Ne7 19. Ne4 Bxe4 20. Qxe4 Nd5 21. Bd2 Bf8 22. Bf3 1/2-1/2

[Event "SLO-chT1 West"]
[Site "Otocec"]
[Date "2006.11.24"]
[Round "6"]
[White "Vukanovic, Sasa"]
[Black "Skoberne, Jure"]
[Result "1/2-1/2"]
[WhiteElo "2336"]
[BlackElo "2429"]
[PlyCount "20"]
[EventDate "2006.11.16"]
[EventType "team"]
[EventRounds "9"]
[EventCountry "SLO"]
[SourceTitle "EXT 2008"]
[Source "ChessBase"]
[SourceDate "2007.11.25"]
[SourceVersion "1"]
[SourceVersionDate "2007.11.25"]
[SourceQuality "1"]

1. d4 d6 2. c4 g6 3. e4 Bg7 4. Nc3 Nf6 5. Nf3 0-0 6. Be2 e5 7. Be3 Ng4 8. Bg5 f6 9. Bc1 exd4 10. Nxd4 f5 1/2-1/2

[Event "SLO-chT1 West"]
[Site "Otocec"]
[Date "2006.11.18"]
[Round "4"]
[White "Vukanovic, Sasa"]
[Black "Markun, Bostjan"]
[Result "1/2-1/2"]
[WhiteElo "2336"]
[BlackElo "2317"]
[PlyCount "21"]
[EventDate "2006.11.16"]
[EventType "team"]
[EventRounds "9"]
[EventCountry "SLO"]
[SourceTitle "EXT 2008"]
[Source "ChessBase"]
[SourceDate "2007.11.25"]
[SourceVersion "1"]
[SourceVersionDate "2007.11.25"]
[SourceQuality "1"]

1. Nf3 Nf6 2. c4 g6 3. Nc3 Bg7 4. e4 d6 5. d4 0-0 6. Be2 e5 7. 0-0 Qe7 8. Bg5 Nbd7 9. d5 h6 10. Bh4 g5 11. Bg3 1/2-1/2

[Event "SLO-chT1 West"]
[Site "Otocec"]
[Date "2006.11.17"]
[Round "2"]
[White "Vukanovic, Sasa"]
[Black "Hribar, Bojan"]
[Result "1/2-1/2"]
[WhiteElo "2336"]
[BlackElo "2237"]
[PlyCount "35"]
[EventDate "2006.11.16"]
[EventType "team"]
[EventRounds "9"]
[EventCountry "SLO"]
[SourceTitle "EXT 2008"]
[Source "ChessBase"]
[SourceDate "2007.11.25"]
[SourceVersion "1"]
[SourceVersionDate "2007.11.25"]
[SourceQuality "1"]

1. Nf3 Nf6 2. c4 g6 3. b4 Bg7 4. Bb2 0-0 5. g3 c6 6. Bg2 d5 7. Na3 Bg4 8. 0-0 Nbd7 9. d3 Re8 10. Nc2 Rc8 11. Ne3 Bxf3 12. Bxf3 e6 13. a4 Nf8 14. Qb3 d4 15. Nc2 e5 16. Bg2 Ne6 17. Bh3 h5 18. e3 1/2-1/2

[Event "Boskovic Memorial op 7th"]
[Site "Belgrade"]
[Date "2006.10.10"]
[Round "8"]
[White "Drljevic, Ljilja"]
[Black "Vukanovic, Sasa"]
[Result "1/2-1/2"]
[WhiteElo "2199"]
[BlackElo "2336"]
[PlyCount "21"]
[EventDate "2006.10.02"]
[EventType "swiss"]
[EventRounds "9"]
[EventCountry "YUG"]
[SourceTitle "CBM 114 Extra"]
[Source "ChessBase"]
[SourceDate "2006.11.03"]
[SourceVersion "1"]
[SourceVersionDate "2006.11.03"]
[SourceQuality "1"]

1. e4 e5 2. Nf3 Nf6 3. Nc3 Nc6 4. d4 exd4 5. Nxd4 Bb4 6. Nxc6 bxc6 7. Bd3 d5 8. exd5 cxd5 9. 0-0 0-0 10. Bg5 c6 11. Qf3 1/2-1/2

[Event "Boskovic Memorial op 7th"]
[Site "Belgrade"]
[Date "2006.10.07"]
[Round "6"]
[White "Marinkovic, Ivan"]
[Black "Vukanovic, Sasa"]
[Result "1/2-1/2"]
[WhiteElo "2452"]
[BlackElo "2336"]
[PlyCount "42"]
[EventDate "2006.10.02"]
[EventType "swiss"]
[EventRounds "9"]
[EventCountry "YUG"]
[SourceTitle "CBM 114 Extra"]
[Source "ChessBase"]
[SourceDate "2006.11.03"]
[SourceVersion "1"]
[SourceVersionDate "2006.11.03"]
[SourceQuality "1"]

1. Nf3 Nf6 2. g3 g6 3. b3 b6 4. Bb2 Bg7 5. Bg2 Bb7 6. c4 c5 7. 0-0 0-0 8. e3 Nc6 9. d4 cxd4 10. exd4 d5 11. Ne5 Rc8 12. Nd2 dxc4 13. bxc4 Nd7 14. Nxc6 Bxc6 15. Bxc6 Rxc6 16. Qf3 Rc7 17. Rad1 Nb8 18. Ba1 Qc8 19. d5 Bxa1 20. Rxa1 Nd7 21. Rfe1 Nc5 1/2-1/2

[Event "Bar Sozina op"]
[Site "Bar"]
[Date "2005.03.11"]
[Round "8"]
[White "Vukanovic, Sasa"]
[Black "Arsovic, Zoran"]
[Result "1-0"]
[WhiteElo "2358"]
[BlackElo "2455"]
[PlyCount "71"]
[EventDate "2005.03.04"]
[EventType "swiss"]
[EventRounds "9"]
[EventCountry "YUG"]
[SourceTitle "CBM 105 Extra"]
[Source "ChessBase"]
[SourceDate "2005.05.01"]
[SourceVersion "1"]
[SourceVersionDate "2005.05.01"]
[SourceQuality "1"]

1. Nf3 Nf6 2. c4 g6 3. Nc3 Bg7 4. e4 d6 5. d4 0-0 6. Be2 Nbd7 7. 0-0 e5 8. d5 Nc5 9. Qc2 a5 10. Bg5 h6 11. Be3 b6 12. Nd2 Bg4 13. Rae1 Bxe2 14. Rxe2 Ng4 15. Bxc5 bxc5 16. g3 h5 17. f3 Nf6 18. f4 h4 19. Qd3 Nh5 20. f5 hxg3 21. hxg3 Qg5 22. Rg2 Bh6 23. Nd1 Kg7 24. Nf3 Qe7 25. Nf2 Rh8 26. Qc3 a4 27. Ng4 Bg5 28. Nxg5 Qxg5 29. Qf3 Raf8 30. Rgf2 gxf5 31. Qxf5 Qxf5 32. Rxf5 f6 33. Kg2 Kg6 34. R1f2 Rf7 35. Ne3 Rg7 36. Ng4 1-0

[Event "Bar Sozina op"]
[Site "Bar"]
[Date "2005.03.09"]
[Round "6"]
[White "Vukanovic, Sasa"]
[Black "Milanovic, Danilo"]
[Result "0-1"]
[WhiteElo "2358"]
[BlackElo "2447"]
[PlyCount "58"]
[EventDate "2005.03.04"]
[EventType "swiss"]
[EventRounds "9"]
[EventCountry "YUG"]
[SourceTitle "CBM 105 Extra"]
[Source "ChessBase"]
[SourceDate "2005.05.01"]
[SourceVersion "1"]
[SourceVersionDate "2005.05.01"]
[SourceQuality "1"]

1. Nf3 d6 2. d4 Nf6 3. c4 Bf5 4. Nc3 g6 5. Nh4 Bd7 6. e4 Bg7 7. Be2 0-0 8. 0-0 c5 9. Nf3 cxd4 10. Nxd4 Nc6 11. Be3 Nxd4 12. Bxd4 Bc6 13. f3 Nd7 14. Bxg7 Kxg7 15. Qd2 a5 16. Rab1 Qb6+ 17. Kh1 a4 18. b4 axb3 19. axb3 Qb4 20. Rfc1 Nc5 21. Qb2 Kg8 22. Rc2 Ra3 23. Na2 Qxb3 24. Qc1 Qe3 25. Nb4 Rfa8 26. h3 Qxc1+ 27. Rcxc1 g5 28. Kh2 Kg7 29. Kg3 Bxe4 0-1

[Event "Bar Sozina op"]
[Site "Bar"]
[Date "2005.03.07"]
[Round "4"]
[White "Brenjo, Slavisa"]
[Black "Vukanovic, Sasa"]
[Result "1-0"]
[WhiteElo "2463"]
[BlackElo "2358"]
[PlyCount "85"]
[EventDate "2005.03.04"]
[EventType "swiss"]
[EventRounds "9"]
[EventCountry "YUG"]
[SourceTitle "CBM 105 Extra"]
[Source "ChessBase"]
[SourceDate "2005.05.01"]
[SourceVersion "1"]
[SourceVersionDate "2005.05.01"]
[SourceQuality "1"]

1. e4 e5 2. Nc3 Nf6 3. g3 d5 4. exd5 Nxd5 5. Bg2 Ne7 6. Nf3 Nbc6 7. 0-0 g6 8. b4 a6 9. a4 Bg7 10. Ba3 0-0 11. b5 Nd4 12. Nxd4 exd4 13. Ne4 axb5 14. axb5 Ra5 15. Bxe7 Rxa1 16. Bxd8 Rxd1 17. Bxc7 Bg4 18. Rxd1 Bxd1 19. Nd6 Ra8 20. Bxb7 Ra1 21. Kg2 Be5 22. b6 Rb1 23. Nc4 Bxc7 24. bxc7 Bg4 25. c8Q+ Bxc8 26. Bxc8 Rc1 27. Bb7 Rxc2 28. Bd5 Kg7 29. Kf3 f5 30. Ke2 Rc1 31. f4 Kf6 32. Kd3 Re1 33. Kxd4 Re2 34. h4 Re1 35. Ne3 h6 36. Bg2 Re2 37. Kd3 Re1 38. Bf1 Ke6 39. Be2 Kf6 40. Nf1 Ke6 41. Ke3 Kd5 42. Kf2 Ra1 43. Ne3+ 1-0

[Event "Belgrade Trophy 17th"]
[Site "Obrenovac"]
[Date "2004.11.25"]
[Round "4"]
[White "Vukanovic, Sasa"]
[Black "Pushkov, Nikolai"]
[Result "1-0"]
[WhiteElo "2343"]
[BlackElo "2434"]
[PlyCount "113"]
[EventDate "2004.11.22"]
[EventType "swiss"]
[EventRounds "9"]
[EventCountry "YUG"]
[SourceTitle "CBM 103 Extra"]
[Source "ChessBase"]
[SourceDate "2005.01.01"]
[SourceVersion "1"]
[SourceVersionDate "2005.01.01"]
[SourceQuality "1"]

1. Nf3 Nf6 2. c4 e6 3. g3 d5 4. Bg2 dxc4 5. Ne5 Nbd7 6. Nxc4 c5 7. 0-0 Nb6 8. b3 Be7 9. Bb2 0-0 10. Nc3 Nxc4 11. bxc4 Bd7 12. Qc2 Qc8 13. Ne4 Bc6 14. Ng5 g6 15. Bxc6 Qxc6 16. Qc3 h6 17. Nf3 Kh7 18. Rab1 Qc7 19. d3 Ne8 20. Qd2 Bf6 21. Bxf6 Nxf6 22. Qb2 Nd7 23. Qxb7 Qd6 24. Nd2 f5 25. Qf3 Nb6 26. Rb5 Rac8 27. a4 Rc7 28. a5 Nd7 29. Rfb1 Ne5 30. Qg2 Rff7 31. R1b2 g5 32. Qa8 Nc6 33. Rb7 Nxa5 34. Rxc7 Rxc7 35. Rb8 Qe5 36. Nf3 Qg7 37. Re8 Re7 38. h3 Nb3 39. Qd8 Rxe8 40. Qxe8 g4 41. hxg4 fxg4 42. Nh4 Nd4 43. e3 Nf5 44. Nxf5 exf5 45. Qe6 Qf8 46. Qd7+ Kg6 47. Qxa7 Qd6 48. d4 cxd4 49. Qxd4 Qc6 50. c5 Kf7 51. Qe5 Qd7 52. e4 fxe4 53. Qxe4 Kf6 54. c6 Qc8 55. Qf4+ Kg6 56. Qd6+ Kg5 57. c7 1-0

[Event "Belgrade Trophy 17th"]
[Site "Obrenovac"]
[Date "2004.11.24"]
[Round "3"]
[White "Babic, Marijana"]
[Black "Vukanovic, Sasa"]
[Result "0-1"]
[WhiteElo "2141"]
[BlackElo "2343"]
[PlyCount "68"]
[EventDate "2004.11.22"]
[EventType "swiss"]
[EventRounds "9"]
[EventCountry "YUG"]
[SourceTitle "CBM 103 Extra"]
[Source "ChessBase"]
[SourceDate "2005.01.01"]
[SourceVersion "1"]
[SourceVersionDate "2005.01.01"]
[SourceQuality "1"]

1. e4 d5 2. exd5 Nf6 3. d4 Bg4 4. f3 Bf5 5. Bb5+ Nbd7 6. c4 a6 7. Ba4 b5 8. cxb5 Nxd5 9. bxa6 e6 10. Ne2 Bxb1 11. Rxb1 Bb4+ 12. Kf2 Rxa6 13. a3 Bd6 14. Nc3 Nxc3 15. bxc3 0-0 16. Bb5 Ra7 17. a4 Nb6 18. Bc6 Nd5 19. Qd3 Qh4+ 20. Kg1 Ne7 21. Qe4 Qxe4 22. Bxe4 Rxa4 23. Bc2 Ra5 24. Kf2 c5 25. Be3 Ra2 26. Rhc1 cxd4 27. Bxd4 Bf4 28. Be3 Bxe3+ 29. Kxe3 Nd5+ 30. Kf2 Nxc3 31. Ra1 Rb2 32. Kg1 Ne2+ 33. Kf1 Nxc1 34. Rxc1 g6 0-1